Countries with the most people of Thai descent - Statistics

General Stats
  • This quiz has been taken 46 times
  • The average score is 10 of 15
Answer Stats
Answer % Correct
1 United States
98%
9 United Kingdom
88%
4 Australia
85%
11 France
85%
3 Germany
83%
7 Japan
80%
6 Malaysia
80%
8 Singapore
80%
2 South Korea
78%
5 Taiwan
56%
15 Netherlands
54%
10 Sweden
54%
14 Norway
51%
12 Israel
32%
13 Libya
0%
No matching quizzes found
Score Distribution
Percent of People with Each Score
Percentile by Number Answered
Your Score History
You have not taken this quiz